<?xml version="1.0" encoding="UTF-8"?>
<record
    xmlns:xsi="http://www.w3.org/2001/XMLSchema-instance"
    xsi:schemaLocation="http://www.loc.gov/MARC21/slim http://www.loc.gov/standards/marcxml/schema/MARC21slim.xsd"
    xmlns="http://www.loc.gov/MARC21/slim">

  <leader>03860nam a22001697a 4500</leader>
  <controlfield tag="008">150706b        xxu||||| |||| 00| 0 eng d</controlfield>
  <datafield tag="020" ind1=" " ind2=" ">
    <subfield code="a">9781412977814</subfield>
  </datafield>
  <datafield tag="050" ind1=" " ind2=" ">
    <subfield code="a">HD59.H267</subfield>
  </datafield>
  <datafield tag="245" ind1=" " ind2=" ">
    <subfield code="a">The SAGE handbook of public relations. /</subfield>
    <subfield code="c">edited by Robert L. Heath.</subfield>
  </datafield>
  <datafield tag="250" ind1=" " ind2=" ">
    <subfield code="a">2nd ed.</subfield>
  </datafield>
  <datafield tag="260" ind1=" " ind2=" ">
    <subfield code="a">Los Angeles:</subfield>
    <subfield code="b">SAGE,</subfield>
    <subfield code="c">2010.</subfield>
  </datafield>
  <datafield tag="300" ind1=" " ind2=" ">
    <subfield code="a">xvii, 773p. :</subfield>
    <subfield code="c">27cm.</subfield>
  </datafield>
  <datafield tag="500" ind1=" " ind2=" ">
    <subfield code="a">Includes index.</subfield>
  </datafield>
  <datafield tag="505" ind1=" " ind2=" ">
    <subfield code="a">Contents: Mind, self, and society: Public relations in the enactment of civil society -- Strategic management of communication: Insights from the contingency theory of strategic conflict management -- Seeing the forest through the trees: The behavioral, strategic management paradigm in public relations and its future -- The cursed sisters: Public relations and rhetoric -- Implications of complexity theory for public relations: Beyond crisis -- Signs of the times: Economic sciences, futures, and public relations -- Publics and public relations: Effecting change -- Correspondence(s) to reality: A reconstructive approach to public relations -- Dialogue as a basis for stakeholder engagement: Defining and measuring the core competencies -- "Making it real": Anthropological reflections on public relations, diplomacy, and rhetoric -- Social construction and public relations -- Public relations and power -- Power and public relations: Paradoxes and programmatic thoughts -- "Race" in public relations -- Toward an intersectionality theory of public relations -- Does public relations scholarship have a place in race? -- Feminist scholarship and its contributions to public relations -- Reflective management: Seeing the organization as if from outside -- Symmetry and its critics: Antecedents, prospects, and implications for symmetry in a postsymmetry era -- Strategy, management, leadership and public relations -- Reputation, communication, and the corporate brand -- The practice of public relations as change management: The use of research in public relations -- Reputation models, drivers, and measurement -- Come together: Rise and fall  of public relations organizations in the 20th century -- Public relations identity: Evolving from academic and practitioner partnerships -- Relationship management projects public relations image: Analysis of living history and dreams from my father -- Activism 2.0 -- Activism in the 20th and 21st centuries -- Public relations practitioners and the leadership challenge -- Embedding issue management: From process to policy -- Risk communication -- Community engagement and risk management -- Crisis communication: A developing field -- Expanding the parameters of crisis communication: From chaos to renewal -- Red cross crisis communication in the wake of september 11, 2001 -- Defining the relationship between public relations and marketing: Public relations' most important challenge -- Being public: Publicity as public relations -- The role of public relations in promoting  healthy communities -- Community relations and corporate social responsibility -- The nature of good in public relations: What should be its normative ethic? -- Military spokespeople and democracy: Perspectives from two israeli wars -- Sport public relations -- Investor relations -- Public relations media -- Directions in social media for professionals and scholars -- Public relations as globalicity: Why culture is still essential in discussions about global public relations -- The local, national, and global challenges of public relations: A call for an anthropological approach to practicing public relations -- Cross-national conflict shifting: A transnational crisis perspective in global public relations -- Globalization and public relations: Opportunities for growth and reformulation -- Reflections and concluding thoughts -- Reflections on the field.</subfield>
  </datafield>
  <datafield tag="700" ind1=" " ind2=" ">
    <subfield code="a">Heath, Robert L.</subfield>
  </datafield>
  <datafield tag="942" ind1=" " ind2=" ">
    <subfield code="2">lcc</subfield>
    <subfield code="c">BK</subfield>
  </datafield>
  <datafield tag="999" ind1=" " ind2=" ">
    <subfield code="c">5621</subfield>
    <subfield code="d">13121</subfield>
  </datafield>
  <datafield tag="952" ind1=" " ind2=" ">
    <subfield code="0">0</subfield>
    <subfield code="1">0</subfield>
    <subfield code="2">lcc</subfield>
    <subfield code="4">0</subfield>
    <subfield code="7">0</subfield>
    <subfield code="a">WIUC-1</subfield>
    <subfield code="b">WIUC-1</subfield>
    <subfield code="c">REF</subfield>
    <subfield code="d">2015-07-06</subfield>
    <subfield code="l">0</subfield>
    <subfield code="o">HD59.H267</subfield>
    <subfield code="p">7964/391/15</subfield>
    <subfield code="r">2015-07-06 00:00:00</subfield>
    <subfield code="w">2015-07-06</subfield>
    <subfield code="y">BK</subfield>
  </datafield>
</record>
